000 00632nam a2200205 i 4500
001 91405
003 ES-MaACL
005 20230906180720.0
007 t|
008 050131s1927 fr ||||1| fre d
100 1 _aLévy-Bruhl, Lucien.
_972014
245 1 2 _aL'ame primitive /
_cpar Lucien Lévy-Bruhl.
260 _aParis :
_bFélix Alcan,
_c1927 (
_eEvreux :
_fCh. Herissey)
300 _a451 p. ;
_c23 cm.
490 1 _aBibliothèque de philosophie contemporaine
650 0 4 _aSociedad primitiva.
_917177
830 0 _aBibliothèque de philosophie contemporaine
_9181027
852 _aES-MaACL
_jB-5565
999 _c91405
_d91405